000 01030cab a2200229 4500
001 ABS37510
008 090401t1987 xxu||||| |||| 00| 0 eng d
035 _a(Sirsi) u5013
041 _aeng
100 _aDunn, R et al
245 4 _aThe geography of council house sales in England 1979-85
260 _c1987
350 _a0
490 _aUrban Studies
_v(1987) 24, 47-59 (13)
520 _aAnalyses the pattern of local authority house sales in England between 1979 and 1985. Suggests various reasons for the uneven pattern which emerges from the study including housing tenure , characteristics of tenants, characteristics of council stock, housing cost factors and local economic circumstances and political and administrative factors. Includes tables indicating a regional breakdown of sales and variations between local authorities within the regions.
650 _aCOUNCIL HOUSES
650 _aHOUSING ACT 1980
650 _aRIGHT TO BUY
690 _aBlock management
_96220
942 _n0
948 _c04/03/1997
999 _c3016
_d3016